000 01253nam a22003857a 4500
003 CHAP
005 20220817043928.0
008 040303d2002 it rn 00110 eng d
010 _a88122
011 _a89094
020 _a9251048339
035 _a99643
040 _cCHAP
082 0 4 _a639.2
_bF3 v.408/2
110 2 _aFAO
245 1 0 _aPromotion of sustainable commercial aquaculture in sub-Saharan Africa :
_bv.2 investment and economic feasibility
_c/by Nathanael Hishamunda and Peter Manning
260 _aRome :
_bFAO,
_c2002.
300 _a54 p.
410 0 0 _aFAO
490 0 _aDocumento técnico de pesca
_v; 408/2
590 _aBATCH-UPD
_b10
_c20130110
_lUCH01
_h1554
590 _aBATCH-UPD
_b10
_c20130410
_lUCH01
_h0951
590 _aBATCH-UPD
_b10
_c20130913
_lUCH01
_h2021
590 _aCONVERSION
_b10
_c20130109
_lUCH01
_h1349
650 1 4 _aAcuicultura
_zAfrica.
_9782
650 1 4 _aPiscicultura
_xAfrica.
_988532
700 0 _aHishamunda, Nathanael.
_955586
700 0 _aManning, Peter.
_970524
810 0 _aFAO
830 0 0 _aDocumento técnico de pesca
_v; 408/2
_933242
901 _aBK
905 _aAlejandra Carrasco M.
942 _cLIBRO
949 _a639.2 F3 v. 408/2
_bBC
_cFAO
_d33724000914826
_eFAO1
_h104488
_i99643
_sb
999 _c88122
_d88122